| 000 | 01492nkc a22002537a 4500 | ||
|---|---|---|---|
| 001 | 85867 | ||
| 005 | 20260430132336.0 | ||
| 007 | kh bb | ||
| 008 | 260430s1900 sp ||||| |||| |0| i|spa d | ||
| 040 |
_aM-RABA _bspa _cM-RABA |
||
| 100 | 1 |
_aMoreno, Vicente ( _d1895-1954) _929028 |
|
| 245 | 1 | 1 |
_a[Bargueño de mesa] _c/Casa Moreno _h[Material gráfico] |
| 260 |
_a: Madrid _b: Casa Moreno _c[ca. 1900] |
||
| 300 |
_a3 fotografías _b: gelatina de plata sobre papel baritado _c, imagen 23 x 27 cm (medidas máximas) |
||
| 500 | 0 | 0 | _aConjunto de tres fotografías de un bargueño de mesa con decoraciones en marfil de grutescos y figuras clásicas. |
| 500 | 0 | 0 | _aSello a tinta en el reverso: "Casa Moreno, fotografía de arte. Plaza de las Cortes, 8. Madrid". Otra denominación del fotógrafo: "Fotografía de arte moreno". |
| 500 | 0 | 0 | _aOriginales conservados en el IPCE en el archivo Moreno. |
| 655 | 7 |
_aFotografías de obras de arte _975675 |
|
| 852 | _jFot-842; Fot-843; Fot-844 | ||
| 856 |
_uhttps://archivoybiblioteca.realacademiabellasartessanfernando.com/cgi-bin/koha/opac-retrieve-file.pl?id=bfdf91eb4e800a4a0e8da6e6ff6e8817 _yFot-842 |
||
| 856 |
_uhttps://archivoybiblioteca.realacademiabellasartessanfernando.com/cgi-bin/koha/opac-retrieve-file.pl?id=1a1efdf75e2b7fef19fe92b5a26beb56 _yFot-843 |
||
| 856 |
_uhttps://archivoybiblioteca.realacademiabellasartessanfernando.com/cgi-bin/koha/opac-retrieve-file.pl?id=f369ee0e7c8180a5e761533006785356 _yFot-844 |
||
| 942 |
_cFOTOGRAFÍA _n0 |
||
| 999 |
_c85867 _d85867 |
||